Paediatric respiratory care : (Record no. 5065)
[ view plain ]
| 000 -LEADER | |
|---|---|
| fixed length control field | 01046nam a2200277 a 4500 |
| 003 - CONTROL NUMBER IDENTIFIER | |
| control field | UkOxU |
| 005 - DATE AND TIME OF LATEST TRANSACTION | |
| control field | 20220403215957.0 |
| 008 - FIXED-LENGTH DATA ELEMENTS--GENERAL INFORMATION | |
| fixed length control field | 860101s1995 enka 001 0 eng d |
| 020 ## - INTERNATIONAL STANDARD BOOK NUMBER | |
| International Standard Book Number | 9780412550003 |
| 040 ## - CATALOGING SOURCE | |
| Transcribing agency | Alupe University |
| 049 ## - LOCAL HOLDINGS (OCLC) | |
| Holding library | CU |
| Local processing data | b |
| Missing elements | + |
| 050 ## - LIBRARY OF CONGRESS CALL NUMBER | |
| Classification number | RJ431 |
| Item number | .P34 1995 |
| 092 ## - LOCALLY ASSIGNED DEWEY CALL NUMBER (OCLC) | |
| Classification number | D0503051895 |
| 245 00 - TITLE STATEMENT | |
| Title | Paediatric respiratory care : |
| Remainder of title | a guide for physiotherapists and health professionals / |
| Statement of responsibility, etc. | edited by S. Ammani Prasad and Juliette Hussey ; Jo Campling, commissioning editorial consultant |
| 260 ## - PUBLICATION, DISTRIBUTION, ETC. | |
| Place of publication, distribution, etc. | London : |
| Name of publisher, distributor, etc. | Chapman & Hall, |
| Date of publication, distribution, etc. | 1995 |
| 300 ## - PHYSICAL DESCRIPTION | |
| Extent | 180 p. ; |
| Dimensions | 25 cm |
| 650 #0 - SUBJECT ADDED ENTRY--TOPICAL TERM | |
| Topical term or geographic name entry element | Pediatric respiratory diseases |
| 650 #0 - SUBJECT ADDED ENTRY--TOPICAL TERM | |
| Topical term or geographic name entry element | Respiratory therapy for children |
| 650 #0 - SUBJECT ADDED ENTRY--TOPICAL TERM | |
| Topical term or geographic name entry element | Respiratory therapy for newborn infants |
| 700 1# - ADDED ENTRY--PERSONAL NAME | |
| Personal name | Ammani Prasad, S. |
| 700 1# - ADDED ENTRY--PERSONAL NAME | |
| Personal name | Hussey, Juliette. |
| 856 ## - ELECTRONIC LOCATION AND ACCESS | |
| Uniform Resource Identifier | http://172.30.46.200/cgi-bin/koha/opac-retrieve-file.pl?id=674c29758689fe962b1beead2fdb3f38 |
| 942 ## - ADDED ENTRY ELEMENTS (KOHA) | |
| Source of classification or shelving scheme | |
| Koha item type | e-book |
| Suppress in OPAC | MW |
| Withdrawn status | Lost status | Source of classification or shelving scheme | Damaged status | Not for loan | Permanent Location | Current Location | Shelving location | Date acquired | Total Checkouts | Full call number | Date last seen | Price effective from | Koha item type | Public note |
|---|---|---|---|---|---|---|---|---|---|---|---|---|---|---|
| AU LIBRARY | AU LIBRARY | Virtual Library | 04.04.2022 | RJ431 .P34 1995 | 04.04.2022 | 04.04.2022 | e-book | MW |